| 000 | 00646nam a2200193 a 4500 | ||
|---|---|---|---|
| 001 | 000043200 | ||
| 005 | 20201002040721.0 | ||
| 008 | 140224s2011 cu 000 0 spa d | ||
| 020 | _a9789592711655 | ||
| 040 |
_aDO-SdBNP _bspa _cBNPHU |
||
| 082 |
_axxxxxxx _bxxxxxxx |
||
| 100 | 1 |
_aHidalgo Paz, Ibrahim _970792 |
|
| 245 | 1 | 0 |
_aPartido revolucionario cubano : _bindependencia y democracia / _cIbrahim Hidalgo Paz. |
| 260 |
_aLa Habana, : _bCentro de estudios martianos, _c2011. |
||
| 300 |
_a270 p. : _b21 cm. |
||
| 490 | 1 | _aAla y raiz | |
| 504 | _aIncluye referencias bibliográficas y notas al pie de las páginas | ||
| 830 | 0 |
_aAla y raiz _98796 |
|
| 999 |
_c42689 _d42689 |
||